| 000 | 00835nam a2200205Ii 4500 | ||
|---|---|---|---|
| 003 | JO-AjNU | ||
| 008 | 230605s9999||||xx |||||||||||||| ||und|| | ||
| 017 | _a1996/4/524 | ||
| 040 |
_aJO-AjNU _bara _erda _cJO-AjNU |
||
| 041 | _aara | ||
| 050 | 1 | 4 | _aDS154.52.M34.H39 1996 |
| 100 | 3 |
_aالمركز الاردني والاسلامي بالتعاون مع وزارة الثقافة/عمان-الاردن, _eauthor _949968 |
|
| 245 | 0 | 0 | _aهزاع المجالي: قراءة في سيرته وتجربته |
| 264 | 3 | 1 | _aعمان: المركز الاردني للدراسات، 1996 |
| 300 | _a423ص | ||
| 336 |
_atext _btxt _2rdacontent |
||
| 337 |
_aunmediated _bn _2rdamedia |
||
| 338 |
_avolume _bnc _2rdacarrier |
||
| 650 | 4 |
_aالساسيون الاردنيون-تراجم، الاردن-تاريخ - هزاع المجالي _949969 |
|
| 999 |
_aA21981 _c25549 _d25549 |
||